00601 2200205 4500001002100000005001700021008004100038020002200079035002400101082001100125090002100136100002800157245006200185250001000247260004300257300003300300650003000333990001600363990001600379YOGYA-0612000000043420120605224116.0 ind  a978-979-185-305-7 0010-061200000000432 a819.21 aYOG 819.21 Djo A aDJOKO PRAKOSO ,R.,1965- aAntologi geguritan: layang saka kekasihcR. Djoko Prakoso aCet.1 aYogyakartabElmantera Publishingc2011 aVIII, 113 hlmc21 cm (2 eks) aKesusastraan Jawa - puisi a023-PD/B.12 a024-PD/B.12